|
|
|
|
| LEADER |
00000nab#a22000007a#4500 |
| 001 |
arbauad033841 |
| 003 |
AR-BaUAD |
| 005 |
20250711112715.0 |
| 008 |
981105|||||||||###||||||b###|0###a|spa|| |
| 040 |
|
|
|a AR-BaUAD
|c AR-BaUAD
|b spa
|
| 100 |
|
|
|a Bianchi, Walter
|
| 245 |
|
|
|a Spettacolo e altro /
|c Walter Bianchi;
|
| 300 |
0 |
|
|b fot., plantas, cortes
|
| 653 |
|
|
|a TEATROS
|
| 653 |
|
|
|a EDIFICIOS CULTURALES
|
| 653 |
|
|
|a PARMEGIANI-GIACOMUZZI MOORE
|
| 653 |
|
|
|a PARMEGIANI, GIULIANO
|
| 653 |
|
|
|a GIACOMUZZI MOORE, LORENZO
|
| 653 |
|
|
|a UDINE
|
| 773 |
0 |
|
|t L'ARCA
|g Nº129 [set. 1998], p. 64-73
|
| 942 |
|
|
|c ARTI
|
| 952 |
|
|
|0 0
|1 0
|4 0
|7 0
|9 78760
|a AR-BAuAD
|b AR-BAuAD
|d 2025-07-11
|l 0
|p AAQA033841
|r 2025-07-11 11:27:15
|w 2025-07-11
|y ARTI
|
| 990 |
|
|
|a AQ199
|b TD
|
| 998 |
|
|
|a AAQ
|b BIBUN76
|
| 999 |
|
|
|c 58433
|d 58433
|